LDR 00788naa#a2200217#i#450# 001 EN\\bibl\121258 005 20260502053208.6 011 ## _a1994-4683 100 ## _a20230803b2023####ek#y0engy0150####ca 102 ## _aRU 200 1# _aFEATURES OF COMBINING PROGRAMS IN ALL-AROUND TRP AND DIGITAL SPORTS WITHIN THE FRAMEWORK OF THE SPORTS FESTIVAL _eJournal article 210 1# _aMoscow _cNational State University of Physical Education, Sports and Health named after P.F. Lesgaft _d2023 215 ## _a5 с. 608 ## _aJournal article _2local 675 ## _aРоль физкультуры и спорта в воспитании и общем развитии личности. 796.011.1 _z 700 #1 _a _g 700 #1 _a _g 700 #1 _a _g 700 #1 _a _g 700 #1 _a _g 856 4# _auchzapiski.lesgaft.spb.ru _u